1948 1704 1153 1744 1860 1448 1397 1685 1059 1155 1690 1286 1155 1085 1454 1401 1268 1782 1079 1822 1029 1841 1374 1153 1105 1829 1651 1622 1078 1858 1683 1935 1363 1372 1241 1382 1464 1698 1747 1272 1160 1648 1215 1618 1977 1828 1734 1611 1478 1540 1176 1991 1144 1478 1539 1744 1851 1511 1661 1361 1604 1297 1951 1435 1891 1149 1898 1708 1828 1933 1937 1066 1067 1854 1706 1366 1404 1647 1572 1784 1057 1530 1072 1997 1424 1267 1606 1148 1911 1402 1217 1926 1432 1977 1655 1467 1694 1667 1235 BCNSPRNW ULIB Ver.6.0+V

เปลี่ยนเป็นภาษาไทย

Change to English
 แสดงรายละเอียดบรรณานุกรม
  กลับหน้าหลัก

Brief Record : Get Marc (ISO 2709) : E-mail record : QR code < ปิดหน้าต่าง
LEADER : 00000nam a2200000Ia 4500
001    13399114495
003     ULIB
008    960108c19859999us a ss 0 eng d
020    ^a9781574393194
060 04 ^aQV38^bD794
245 00 ^aDrug :^bfacts and comparisons 2011
246 10 ^aDrug facts and comparisons
260    ^aSt. Louis :^bFacts and Comparisons,^c2003-<2010>
300    ^a 3633pp ;^c28 cm. +^e1 computer optical disc
310    ^aAnnual
362 0  ^a2003-<2010>
500    ^aeditors vary
500    ^aDescription based on 1985
650  2 ^aPharmaceutical Preparations^xCatalogs
650  2 ^aCatalogs, Drug
650  2 ^aDrugs^vhandbooks
710 2  ^aFacts and Comparisions Division
740 02 ^aDrug facts and comparisons 1981-<2012>
995    ^a Kesorn
999 ^a ใช้งานได้ทุกระบบ
รายการนี้ยังไม่มีแท็ก
คุณยังไม่ได้ล็อกอิน คุณสามารถมีกิจกรรมร่วมกับเว็บไซต์ได้ แต่ต้องล็อกอินก่อน ::
  ล็อกอิน

รายการสื่อสารสนเทศ

ลำดับที่ ประเภท เลขเรียก/บาร์โค้ด สถานที่ สถานะ
- ไม่พบข้อมูล -

BibComment


ยังไม่เคยถูกคอมเมนท์

คอมเมนท์ทรัพยากรรายการนี้
  คอมเมนท์: Drug facts and ..


 Copyright 2026. Bcnsprnw @Library